Statistics for Sicily Region Quiz

Click here to take the quiz!

General Stats

  • This quiz has been taken 112 times
  • The average score is 11 of 17

Answer Stats

HintAnswer% Correct
Largest cityPalermo
95%
VolcanoesEtna
89%
Third largest city and strait that separates Sicily from the mainlandMessina
84%
Three surrounding seasMediterranean Sea
82%
City founded by Greek colonists that has a namesake in the US state of New YorkSyracuse
80%
Tyrrhenian Sea
71%
Town that gave its name to the protagonists of the "Godfather" trilogyCorleone
69%
Ancient Greek scientist known for exclaiming "Eureka!" while taking a bathArchimedes
66%
Ionian Sea
66%
Fighter for Italian unification who ruled over Sicily as dictator in 1860Giuseppe Garibaldi
65%
Name for the Sicilian mafiaCosa Nostra
61%
People that ruled Sicily from 831 to 1091Arabs
59%
Stromboli
56%
Sweet pastry ("Leave the gun, take the ____")Cannoli
52%
People that conquered Sicily by 1091Normans
51%
Poem of fourteen lines that originated in Sicily and was later used by ShakespeareSonnet
46%
Giuseppe Lampedusa novel and Burt Lancaster film whose original title is 'Il gattopardo'The Leopard
24%

Score Distribution

Percentile by Number Answered

Percent of People with Each Score

Your Score History

You have not taken this quiz